[Event "Niederrhein-ch"]
[Site "Niederrhein"]
[Date "2001.04.09"]
[Round "4"]
[White "Puetz, Otto"]
[Black "Babic, Dejan"]
[Result "0-1"]
[WhiteElo "1658"]
[BlackElo "1903"]
[PlyCount "86"]
[EventDate "2001.04.06"]
[EventType "swiss"]
[EventRounds "9"]
[EventCountry "GER"]
[SourceTitle "EXT 2006"]
[Source "ChessBase"]
[SourceDate "2005.11.24"]
[SourceVersion "1"]
[SourceVersionDate "2005.11.24"]
[SourceQuality "1"]

1. e4 c5 2. Nc3 Nc6 3. g3 e5 4. Bg2 g6 5. Nge2 Bg7 6. Nd5 Nge7 7. c3 0-0 8. 0-0 Rb8 9. d3 Nxd5 10. exd5 Ne7 11. Be3 b6 12. Qd2 Bb7 13. c4 Nf5 14. Rab1 Nxe3 15. Qxe3 f5 16. Qf3 Qc7 17. b4 cxb4 18. Rxb4 Qc5 19. Rfb1 Qa5 20. a4 Rfe8 21. Qe3 Bf8 22. R4b3 Qxa4 23. Nc3 Qa5 24. Nb5 e4 25. d4 Rbc8 26. Bf1 Ba6 27. Qc1 Bxb5 28. Rxb5 Qa4 29. Ra1 Qxb5 30. cxb5 Rxc1 31. Rxc1 Bd6 32. Rc3 Kg7 33. Be2 Kf6 34. Kg2 g5 35. Bh5 Rg8 36. Bd1 f4 37. Kg1 Re8 38. Kg2 Re7 39. Bc2 Re8 40. Bb1 Kg7 41. Bc2 e3 42. fxe3 fxe3 43. Bd3 e2 0-1

[Event "Niederrhein-ch"]
[Site "Niederrhein"]
[Date "2001.04.08"]
[Round "3"]
[White "Babic, Dejan"]
[Black "Cleven, Jan Daniel"]
[Result "1-0"]
[WhiteElo "1903"]
[BlackElo "1866"]
[PlyCount "49"]
[EventDate "2001.04.06"]
[EventType "swiss"]
[EventRounds "9"]
[EventCountry "GER"]
[SourceTitle "EXT 2006"]
[Source "ChessBase"]
[SourceDate "2005.11.24"]
[SourceVersion "1"]
[SourceVersionDate "2005.11.24"]
[SourceQuality "1"]

1. c4 Nf6 2. Nc3 c6 3. d4 d5 4. cxd5 Nxd5 5. e4 Nc7 6. Nf3 g6 7. Bc4 Bg7 8. 0-0 0-0 9. Be3 Be6 10. Bxe6 Nxe6 11. Qb3 Qc7 12. Rac1 Nd7 13. d5 Nf4 14. d6 exd6 15. Bxf4 Rfe8 16. Nb5 Qb6 17. Nxd6 Re7 18. Rfd1 Nc5 19. Qc2 Ne6 20. Nc4 Qa6 21. Bd6 Ree8 22. Rd3 Qb5 23. Rb3 Qa6 24. Ra3 Qb5 25. Ra5 1-0